| 000 | 00515nam a2200181Ia 4500 | ||
|---|---|---|---|
| 008 | 240925s9999 xx 000 0 und d | ||
| 020 | _a817722266X | ||
| 082 | _a004.6 ROB | ||
| 100 | _aRobert , E Larson | ||
| 245 | 0 | _aAll in one CCNA 3.0 certification: exam study guide | |
| 250 | _aNA | ||
| 260 |
_aNew Delhi: _bNewWiley -dreamtech Press _c,2003. |
||
| 300 |
_axv,444p. _bNA _fOriginal |
||
| 500 | _aNA | ||
| 600 | _aComputer Science | ||
| 650 | _aComputer science, information & general works | ||
| 942 | _cBK | ||
| 999 |
_c7914 _d7914 |
||